000 00643cam a22002297a 4500
001 002209
003 armpunfd
005 20140612090701.0
008 090811e0####xx#a##########000#0#und#d
040 _aarmpunfd
_carmpunfd
080 _a940.2 L 335
100 1 0 _a Laski, Harold J
245 1 0 _aEl liberalismo europeo
260 _a Exico : Fondo De Cultura Economica
_b1979. 248 P.
650 7 _a Historia De Europa
_2LEMB
650 7 _a Liberalismo Europeo
_2LEMB
650 7 _a Liberalismo
_2LEMB
650 7 _a Siglo De Las Luces
_2LEMB
650 7 _a Siglo Xvii
_2LEMB
942 _cLB
_2cdu
945 _aCatalis
_d2010-08-19
999 _c2199
_d232703